000 00489nam a2200145 a 4500
001 000042228
005 20201002040022.0
008 131120s1997 ne 000 0 spa d
040 _aDO-SdBNP
_beng
_cBNPHU
082 _axxxx
_bxxxx
245 0 0 _aVisions of the future II. :
_ban account of the proceedings of th 50th world newspaper congress.
260 _aAmsterdam :
_b[s.d.],
_c1997.
300 _a90 p. ;
_c23 cm.
500 _aPerteneció a la biblioteca personal de Germán Emilio Ornes.
999 _c41717
_d41717